| 000 | 01058cam a2200205 4500 | ||
|---|---|---|---|
| 001 | WB@3612-721 | ||
| 008 | 040903n2004 000 0 eng u | ||
| 035 | _a(Sirsi) u127272 | ||
| 245 | _aMixed-use returns fall | ||
| 260 | _c2004 | ||
| 490 |
_aFPD Savills Research _v(Summer 2004) 27 August 2004 (6) |
||
| 520 | _aFPDSavills has reported a fall in returns for mixed-use schemes - from 18% in 2002 to just 14.2 in 2003. Despite this fall they outperformed single-use developments by 0.6% points, according to the latest "Mixed use research bulletin". The report also says that variation between mixed-use and single-use buildings is shrinking and although the former has outperformed the latter in the longer term, total returns are now only slightly superior in the short term. http://www.fpdsavills.co.uk/research.asp?category= Development&dateFrom=&dateTo= | ||
| 590 | _aWB | ||
| 590 | _aWB | ||
| 650 | _aMIXED-USE DEVELOPMENTS | ||
| 650 | _aSUSTAINABLE DEVELOPMENTS | ||
| 650 | _aINVESTMENT RETURNS | ||
| 690 | _aREGENERATION | ||
| 942 | _n0 | ||
| 999 |
_c117961 _d117961 |
||